| 000 | 00377nam a22001337a 4500 | ||
|---|---|---|---|
| 020 | _a9780072435993 | ||
| 040 | _cNUST | ||
| 082 | _a305.2 SAN | ||
| 100 |
_aSantrock, John W. _9113214 |
||
| 245 | _a A Topical Approach to Life-Span Development | ||
| 260 |
_aBoston: _bMcGraw-Hill, _c2002. |
||
| 650 |
_a A Topical Approach to Life-Span Development _9113215 |
||
| 942 |
_2ddc _cBK |
||
| 999 |
_c594971 _d594971 |
||